[Event "XXVIII Open"]
[Site "Benasque ESP"]
[Date "2008.07.06"]
[Round "4"]
[White "De la Villa Garcia,J"]
[Black "Damljanovic,B"]
[Result "1/2-1/2"]
[WhiteElo "2458"]
[BlackElo "2579"]

1.e4 c5 2.Nf3 e6 3.d4 cxd4 4.Nxd4 a6 5.Nc3 b5 6.Bd3 Bb7 7.Qe2 Nc6 8.Nxc6 Bxc6
9.O-O Qb8 10.Kh1 Qb7 11.a4 b4 12.Nd5 Ne7 13.c4 bxc3 14.Nxe7 Bxe7 15.bxc3 O-O
16.Bf4 a5 17.Rfb1 Qc8 18.Qg4 g6 19.Qg3 f6 20.h4 Rf7 21.Rb3 Bf8 22.c4 Bc5
23.Bd6 Bxd6 24.Qxd6 Qf8 25.c5 Qh6 26.Qg3 g5 27.Kg1 Qxh4  1/2-1/2

[Event "XVII Burgas Open"]
[Site "Ourense ESP"]
[Date "2008.07.07"]
[Round "5"]
[White "Starostits,I"]
[Black "Outerelo Ucha,M"]
[Result "1-0"]
[WhiteElo "2497"]
[BlackElo "2218"]

1.e4 c5 2.Nc3 e6 3.Nf3 a6 4.d4 cxd4 5.Nxd4 Qc7 6.Bd3 b5 7.f4 Bb7 8.Qe2 Nc6
9.Nxc6 Qxc6 10.Bd2 Be7 11.a3 Bh4+ 12.g3 Be7 13.O-O-O b4 14.axb4 Bxb4 15.f5 Nf6
16.Rhe1 Rc8 17.g4 O-O 18.g5 Ne8 19.f6 g6 20.h4 Nd6 21.Nb1 Nb5 22.Qf2 Bc5
23.Be3 Bxe3+ 24.Qxe3 e5 25.h5 Nd4 26.Na3 Qa4 27.Rh1 Rc3 28.bxc3 Qxa3+ 29.Kd2 Ne6
30.hxg6 fxg6 31.Bc4 d5 32.Qb6 Nxg5 33.Qxb7 Nxe4+ 34.Ke2 Ng3+ 35.Kf2 Rxf6+
36.Kxg3 Qxc3+ 37.Rd3 Qxc4 38.Qxh7+ Kf8 39.Qh8+ Kf7 40.Rh7+ Ke6 41.Qe8+ Kf5
42.Qd7+ Kg5 43.Kh3 e4 44.Qg4+  1-0

[Event "XVII Burgas Open"]
[Site "Ourense ESP"]
[Date "2008.07.09"]
[Round "7"]
[White "Paredes Sanchez,J"]
[Black "De Nacimiento Montano,Ant"]
[Result "0-1"]
[WhiteElo "2231"]
[BlackElo "2045"]

1.e4 c5 2.Nf3 e6 3.d4 cxd4 4.Nxd4 a6 5.Nc3 b5 6.Bd3 Qb6 7.Nf3 Bc5 8.O-O Bb7
9.e5 d5 10.exd6 Nf6 11.Bf4 O-O 12.a4 b4 13.a5 Qc6 14.Na4 Nbd7 15.Re1 Rfe8
16.Nxc5 Qxc5 17.Ne5 Rad8 18.Nxd7 Nxd7 19.Qg4 Nf6 20.Qh4 Qd5 21.Qh3 h6 22.Rad1 Qc6
23.Be5 Nd7 24.Bf4 Nf6 25.f3 e5 26.Bd2 b3 27.cxb3 Rxd6 28.Bc3 Nd5 29.Rxe5 Nxc3
30.Rxe8+ Qxe8 31.bxc3 Qe3+  0-1

[Event "XVII Burgas Open"]
[Site "Ourense ESP"]
[Date "2008.07.09"]
[Round "7"]
[White "De Nacimiento Montano,Ang"]
[Black "Spassov,L"]
[Result "0-1"]
[WhiteElo "2099"]
[BlackElo "2428"]

1.e4 c5 2.Nf3 e6 3.d4 cxd4 4.Nxd4 a6 5.Nc3 b5 6.a3 Bb7 7.Bd3 Qc7 8.O-O Nf6
9.Kh1 Bc5 10.Nb3 Be7 11.f4 d6 12.Be3 Nc6 13.Qe1 O-O 14.Qg3 g6 15.Rae1 b4
16.Nd1 bxa3 17.bxa3 Rad8 18.f5 Ne5 19.Bh6 Rfe8 20.fxe6 fxe6 21.Qh3 Qd7 22.Na5 Bc8
23.Nc4 Nfg4 24.Nde3 Nxd3 25.cxd3 Nxh6 26.Qxh6 Bf8 27.Qh4 Qe7 28.Qg3 Bg7 29.Ng4 Rf8
30.e5 dxe5 31.Ncxe5 Bb7 32.Rxf8+ Rxf8 33.d4 Qc7 34.h3 Qd6 35.Qh4 Qd5 36.Ne3 Qd8
37.Qg4 Qe7 38.N3c4 Bh6 39.Nd3 Bd5 40.Nb6 Qf7 41.Nxd5 exd5 42.Qe6 Bd2 43.Qxf7+ Rxf7
44.Re8+ Kg7 45.Rd8 Rf1+ 46.Kh2 Ra1 47.Rxd5 Rxa3 48.Nc5 Bf4+ 49.Kg1 Bg3 50.Kf1 Re3
51.Re5 Bxe5 52.dxe5 a5 53.e6 Kf6 54.Kf2 Re5  0-1

[Event "XXIII Tadeusz Gniota Mem"]
[Site "Police POL"]
[Date "2008.07.09"]
[Round "1"]
[White "Tokarczyk,T"]
[Black "Grabarczyk,B"]
[Result "0-1"]
[WhiteElo "2146"]
[BlackElo "2449"]

1.e4 c5 2.Nf3 e6 3.d4 cxd4 4.Nxd4 a6 5.Nc3 d6 6.Bc4 b5 7.Bb3 Bb7 8.O-O b4
9.Na4 Nf6 10.f4 Bxe4 11.c3 d5 12.f5 e5 13.Nf3 Nbd7 14.Bg5 Be7 15.Bxf6 Nxf6
16.Nxe5 Qc7 17.Ng4 Nxg4 18.Qxg4 g6 19.f6 Bd6 20.Qh3 h5 21.Rad1 Rd8 22.cxb4 Bxb4
23.Qe3 Kf8 24.Rc1 Qe5 25.Qb6 Rb8 26.Qxa6 Kg8 27.Rc8+ Kh7 28.Rxb8 Rxb8 29.Qa7 Kg8
30.Qe3 Bd6 31.Qh3 d4 32.Qh4 Re8 33.Nb6 d3 34.Nc4 Qd4+ 35.Qf2 Bc5 36.Qxd4 Bxd4+
37.Kh1 Bc6 38.h3 Re2 39.Bd1 Bxg2+ 40.Kh2 Bxf1+  0-1

[Event "19th Czech Oce Open"]
[Site "Pardubice CZE"]
[Date "2008.07.11"]
[Round "3"]
[White "Kovar,V"]
[Black "Ponizil,C"]
[Result "0-1"]
[WhiteElo "2235"]
[BlackElo "2284"]

1.e4 c5 2.Nf3 e6 3.d4 cxd4 4.Nxd4 a6 5.Nc3 Qc7 6.Bd3 Nf6 7.O-O Nc6 8.Nxc6 dxc6
9.f4 Bc5+ 10.Kh1 e5 11.f5 b5 12.Qe2 Bb7 13.a4 O-O 14.g4 Nd7 15.g5 Rfe8 16.Rf3 f6
17.Rh3 fxg5 18.Bxg5 Be7 19.Qh5 Nf8 20.Rf1 Bxg5 21.Qxg5 Qf7 22.Rg3 Nd7 23.Rfg1 Re7
24.Qh4 Qf6 25.Qh5 Qf8 26.Qe2 Nf6 27.h3 Rd8 28.Kh2 Rd4 29.b3 Kh8 30.Re3 Qd8
31.Nd1 c5 32.axb5 axb5 33.Nf2 c4 34.bxc4 bxc4 35.Bxc4 Bxe4 36.Nxe4 Nxe4 37.Rxe4 Rd2
38.f6 Rxe2+ 39.Rxe2 gxf6 40.Reg2 Re8 41.Rg7 e4 42.R1g2 f5 43.Rb7 Qd6+ 44.Kh1 Qc6
45.Re7 h6 46.Bd5 Qb5 47.c4 Qb1+  0-1

[Event "ch-NOR Elite"]
[Site "Tonsberg NOR"]
[Date "2008.07.11"]
[Round "7"]
[White "Lie,K"]
[Black "Ostenstad,B"]
[Result "0-1"]
[WhiteElo "2558"]
[BlackElo "2483"]

1.e4 c5 2.Nf3 e6 3.d4 cxd4 4.Nxd4 a6 5.Nc3 Qc7 6.Be2 b5 7.O-O Bb7 8.Re1 Nc6
9.Nxc6 dxc6 10.e5 Bb4 11.Bd3 Ne7 12.Qh5 c5 13.a4 bxa4 14.Rxa4 Rd8 15.Bg5 Rd4
16.Bxa6 Bxc3 17.Bb5+ Nc6 18.bxc3 Rxa4 19.Bxa4 O-O 20.Bb5 Ne7 21.Qe2 Nd5 22.Bd2 Rc8
23.Rb1 h6 24.Bd3 c4 25.Be4 Ba8 26.Ra1 Bb7 27.h3 Kf8 28.Bf3 Ne7 29.Bxb7 Qxb7
30.Kh2 Qc7 31.Bc1 Kg8 32.Ba3 Nd5 33.Bd6 Qb7 34.Qf3 Ra8 35.Rd1 Qb2 36.Rd4 Ra4
37.Rxd5 exd5 38.Qxd5 Qxc2 39.e6 fxe6 40.Qxe6+ Kh7 41.Bb4 Qd3 42.f4 Ra2 43.f5 Re2
44.Qg6+ Kg8 45.Qc6 Kh7 46.Qg6+ Kh8 47.Kh1 Qe3 48.f6 Re1+ 49.Kh2 Qg1+ 50.Kg3 Re3+
51.Kh4 Qe1+ 52.g3 Re4+ 53.Kh5 Qe2+ 54.g4 Re5+ 55.Kh4 Qf2+  0-1

[Event "Inautomarket Open"]
[Site "Minsk BLR"]
[Date "2008.07.12"]
[Round "3"]
[White "Nozdrin,AV"]
[Black "Tunik,G"]
[Result "1/2-1/2"]
[WhiteElo "2384"]
[BlackElo "2490"]

1.e4 c5 2.Nf3 e6 3.d4 cxd4 4.Nxd4 a6 5.Nc3 b5 6.a3 Bb7 7.Be2 Nc6 8.O-O Nge7
9.Bg5 Nxd4 10.Qxd4 Nc6 11.Qd2 Be7 12.Bf4 Rc8 13.Rad1 Na5 14.Be5 f6 15.Bd6 Nc4
16.Bxc4 Rxc4 17.Qe3 Rc6 18.Bxe7 Qxe7 19.Qa7 Bc8 20.Rd3 Qc5 21.Qxc5 Rxc5 22.Rfd1 Ke7
23.Rd6 Rc6 24.Rxc6 dxc6 25.e5 fxe5 26.Ne4 a5 27.b4 axb4 28.axb4 Rd8 29.Rxd8 Kxd8
30.f3 Ke7 31.Kf2 Bd7 32.Ke3 Be8 33.h4 Bg6 34.g4 h6 35.Kd3 Be8 36.Ke3 Bg6
37.Kd3 Be8 38.Ke3  1/2-1/2

[Event "Inautomarket Open"]
[Site "Minsk BLR"]
[Date "2008.07.12"]
[Round "3"]
[White "Kalegin,E"]
[Black "Kopyl,A"]
[Result "1-0"]
[WhiteElo "2495"]
[BlackElo "2262"]

1.e4 c5 2.Nf3 e6 3.Nc3 a6 4.d4 cxd4 5.Nxd4 d6 6.Bd3 Nf6 7.O-O Be7 8.f4 Qc7
9.Kh1 Nbd7 10.Bd2 b5 11.b4 Bb7 12.Qe2 O-O 13.Nb3 Nb6 14.Na5 d5 15.Nxb7 Qxb7
16.e5 Ne8 17.Nd1 Nc4 18.Bc3 g6 19.Nf2 Qd7 20.Rad1 f5 21.Bxc4 bxc4 22.Qxc4 Rc8
23.Qb3 Qc6 24.Rd3 Nc7 25.Bd2 Rfd8 26.Rc3 Qb7 27.Nd3 d4 28.Rc4 Qb6 29.a4 Rd5
30.Be1 Rcd8 31.Bf2 g5 32.c3 R5d7 33.Bxd4 Qb7 34.Nc5 Bxc5 35.Rxc5 gxf4 36.Rxc7 Rxc7
37.Qxe6+ Rf7 38.Rxf4  1-0

[Event "Aegean Open"]
[Site "Aghios Kirykos GRE"]
[Date "2008.07.13"]
[Round "2"]
[White "Lazaridis,S"]
[Black "Nikolov,Mo"]
[Result "0-1"]
[WhiteElo "2160"]
[BlackElo "2500"]

1.e4 c5 2.Nf3 e6 3.d4 cxd4 4.Nxd4 a6 5.Nc3 Qc7 6.Be2 Nf6 7.a3 b5 8.O-O Bb7
9.Bf3 d6 10.Re1 Nbd7 11.g3 Be7 12.Bg2 O-O 13.g4 Ne5 14.g5 Nfd7 15.f4 Nc6
16.Nde2 Rfe8 17.Kh1 Bf8 18.Ng3 b4 19.axb4 Nxb4 20.Be3 Nb6 21.Bg1 d5 22.e5 Rac8
23.Nce2 Nc4 24.c3 Nc6 25.Ra2 Rb8 26.Nc1 Red8 27.Qe2 Bc8 28.b3 Na3 29.b4 Nb5
30.Rc2 a5 31.Nd3 Na3 32.Rcc1 axb4 33.Nxb4 Nxb4 34.cxb4 Nc4 35.Ne4 Rxb4 36.Nf6+ Kh8
37.Rc3 g6 38.Rh3 h6 39.Qf2 Qe7 40.Qh4 Nd2 41.Ng4 Rxf4 42.Be3 Rxg4 43.Qxg4 Nc4
44.Bd4 h5 45.Qh4 Bg7 46.Bf3 Kg8 47.Be2 Nd2 48.Qf4 Ne4 49.Bb6 Qb4 50.Rf1 Rd7
51.Be3 Qb2 52.Bd3 Qxe5 53.Qf3 Bb7 54.Rb1 Qc3 55.Bb5 d4 56.Bxd7 Nf2+ 57.Kg2 Bxf3+
58.Rxf3 dxe3 59.Be8 Ng4 60.Bxf7+ Kh7 61.Rb7 Qd2+ 62.Kg1 Qxh2+  0-1

[Event "Maestro Open"]
[Site "Berdsk RUS"]
[Date "2008.07.13"]
[Round "6"]
[White "Golovan,I"]
[Black "Popov,Da"]
[Result "1-0"]
[WhiteElo "2146"]
[BlackElo "1741"]

1.e4 c5 2.Nf3 e6 3.d4 cxd4 4.Nxd4 a6 5.Nc3 d6 6.Bc4 Nc6 7.Bb3 Be7 8.Be3 Nf6
9.Qe2 Qc7 10.O-O-O O-O 11.g4 Nxd4 12.Rxd4 e5 13.Rc4 Qd8 14.g5 Nd7 15.Nd5 Bxg5
16.Rg1 Bxe3+ 17.Qxe3 Qh4 18.Rc7 Kh8 19.Kb1 Rb8 20.Nc3 g6 21.Rd1 Qd8 22.Rc4 Qh4
23.Rxd6 Qxh2 24.a4 Kg7 25.Nd5 Qg1+ 26.Ka2 Qg4 27.Rc7 b6 28.f3 Qg3 29.a5 Nc5
30.axb6 Nb7 31.Rdc6 Be6  1-0

[Event "2nd LCT"]
[Site "Leiden NED"]
[Date "2008.07.13"]
[Round "3"]
[White "Jansen,N"]
[Black "Horvath,Cs1"]
[Result "0-1"]
[WhiteElo "2145"]
[BlackElo "2537"]

1.e4 c5 2.Nf3 e6 3.d4 cxd4 4.Nxd4 a6 5.Nc3 b5 6.Bd3 Bb7 7.Be3 Qc7 8.a3 Nf6
9.Qe2 Be7 10.f4 d6 11.O-O Nbd7 12.Kh1 O-O 13.Rad1 Rfe8 14.Bc1 Bf8 15.Nb3 e5
16.Rde1 Rac8 17.Qf3 exf4 18.Bxf4 Ne5 19.Qh3 Qd7 20.Qxd7 Nfxd7 21.Re2 g6 22.Rfe1 Bg7
23.Na5 Ba8 24.Nd5 Nc5 25.Nb4 Bf6 26.Nb3 Nexd3 27.Nxd3 Nxe4 28.c3 Bh4 29.Rg1 Bd5
30.Nd2 Nc5 31.Rxe8+ Rxe8 32.Nb4 Bb7 33.Bxd6 Rd8 34.Bf4 a5  0-1

[Event "Inautomarket Open"]
[Site "Minsk BLR"]
[Date "2008.07.13"]
[Round "4"]
[White "Onischuk,V"]
[Black "Akatova,E"]
[Result "1/2-1/2"]
[WhiteElo "2506"]
[BlackElo "2303"]

1.e4 c5 2.Nf3 e6 3.Nc3 a6 4.d4 cxd4 5.Nxd4 b5 6.Bd3 Qb6 7.Be3 Bc5 8.Be2 Bb7
9.a4 Nf6 10.e5 Nd5 11.Nxd5 Bxd5 12.axb5 axb5 13.Rxa8 Bxa8 14.Qd2 Nc6 15.Nxb5 Bxe3
16.Qxe3 Qxe3 17.fxe3 Ke7 18.Kf2 Nxe5 19.Ra1 Be4 20.Nd4 Rc8 21.b4 Nc4 22.c3 e5
23.Nb3 Bd5 24.Nc5 d6 25.Ra7+ Ke8 26.Bg4 Ra8 27.Rxa8+ Bxa8 28.Nb3 Bd5 29.Nc1 Nd2
30.Ne2 Ne4+ 31.Ke1 Bc4 32.Bf5 d5 33.Bxe4 dxe4 34.Ng3 Bd3 35.Nf5 g6 36.Nd6+ Ke7
37.Nb7 Ke6 38.g3 f5 39.h4 h6 40.Kd2 Bc4 41.Na5 Kd5 42.Ke1 g5 43.hxg5 hxg5
44.Kf2 f4 45.Nb7 Kc6 46.Nc5 Bd5 47.c4 Bxc4 48.Nxe4 fxg3+ 49.Kxg3 Kb5 50.Nxg5 Kxb4
51.Nf3 e4 52.Nd2 Bd3 53.Kf4 Kc5 54.Ke5 Kc6 55.Nxe4  1/2-1/2

[Event "Aegean Open"]
[Site "Aghios Kirykos GRE"]
[Date "2008.07.15"]
[Round "4"]
[White "Dimopoulos,N"]
[Black "Hahabis,N"]
[Result "0-1"]
[WhiteElo "1937"]
[BlackElo "2031"]

1.e4 c5 2.Nf3 e6 3.d4 cxd4 4.Nxd4 a6 5.Nc3 Qc7 6.Bd3 Nc6 7.Be3 Nf6 8.O-O Nxd4
9.Bxd4 e5 10.Be3 Bc5 11.Qe2 Bxe3 12.fxe3 Qd8 13.Rxf6 Qxf6 14.Rf1 Qh4 15.g3 Qh6
16.Nd5 O-O 17.Rf5 d6 18.Rh5 Qe6 19.Nc7 Qg6 20.Nd5 Qg4 21.Ne7+ Kh8 22.Rh4 Qxe2
23.Bxe2 Be6 24.Bf3 Rfe8 25.Nf5 Red8 26.Kf2 Rac8 27.c3 Bxa2 28.Rg4 g6  0-1

[Event "60th ch-MNE"]
[Site "Cetinje MNE"]
[Date "2008.07.15"]
[Round "8"]
[White "Ivanovic,B"]
[Black "Kontic,D"]
[Result "1/2-1/2"]
[WhiteElo "2436"]
[BlackElo "2339"]

1.e4 c5 2.Nf3 a6 3.Nc3 e6 4.d4 cxd4 5.Nxd4 Qc7 6.Be3 Nf6 7.Qd2 Bb4 8.Bd3 d5
9.exd5 Nxd5 10.Nde2 Nc6 11.O-O-O O-O 12.Kb1 Qe5 13.Bg5 f6 14.Bh4 Nxc3+ 15.Nxc3 Qa5
16.a3 Bxc3 17.Qxc3 Qxc3 18.bxc3 Ne5 19.Be2 b5 20.f4 Nc4 21.Bxc4  1/2-1/2

[Event "2nd LCT"]
[Site "Leiden NED"]
[Date "2008.07.15"]
[Round "5"]
[White "Slingerland,F"]
[Black "Horvath,Cs1"]
[Result "1/2-1/2"]
[WhiteElo "2354"]
[BlackElo "2537"]

1.e4 c5 2.Nf3 e6 3.d4 cxd4 4.Nxd4 a6 5.Nc3 b5 6.Bd3 Bb7 7.Be3 Qc7 8.a3 Nf6
9.O-O Nc6 10.Nxc6 Bxc6 11.f4 d6 12.Qf3 Be7 13.Qh3 h5 14.Kh1 Qb7 15.f5 e5
16.Bg5 Nd7 17.Qh4 Bxg5 18.Qxg5 Nf6 19.Rad1 h4 20.h3 O-O-O 21.Rfe1 Nh5 22.Qxh4 Nf4
23.Qg4 Kb8  1/2-1/2

[Event "19th Czech Chladek & Tintera A Open"]
[Site "Pardubice CZE"]
[Date "2008.07.18"]
[Round "1"]
[White "Gutenev,A"]
[Black "Bernasek,J"]
[Result "0-1"]
[WhiteElo "2280"]
[BlackElo "2491"]

1.e4 c5 2.Nf3 e6 3.d4 cxd4 4.Nxd4 a6 5.Nc3 b5 6.Bd3 d6 7.O-O Nf6 8.Be3 Bb7
9.a3 Nbd7 10.f4 Nc5 11.Qf3 g6 12.Nb3 Nxd3 13.cxd3 Bg7 14.a4 bxa4 15.Nxa4 O-O
16.Rfc1 Nd7 17.Bd2 Rc8 18.Rxc8 Qxc8 19.Rc1 Qb8 20.Bc3 e5 21.Na5 Ba8 22.Ra1 f5
23.g3 fxe4 24.dxe4 Nf6 25.Re1 Qb5 26.b3 d5 27.exd5 Nxd5 28.Bd2 Nxf4 29.Qf1 Nd3  0-1

[Event "ZMD Open"]
[Site "Dresden GER"]
[Date "2008.07.19"]
[Round "1"]
[White "Catrais,M"]
[Black "Yemelin,V"]
[Result "0-1"]
[WhiteElo "1919"]
[BlackElo "2579"]

1.e4 c5 2.Nf3 e6 3.d4 cxd4 4.Nxd4 a6 5.Nc3 b5 6.Bd3 Qc7 7.O-O Bb7 8.a4 b4
9.Na2 Nf6 10.Qe2 Nc6 11.c3 Nxd4 12.cxd4 Qb6 13.d5 Bc5 14.Bg5 Bd4 15.a5 Qxa5
16.Nc3 Qc7 17.Na4 O-O 18.Rac1 Qe5 19.Bxf6 Qxf6 20.Rc7 Bc8 21.Rfc1 g6 22.Qc2 exd5
23.exd5 d6 24.Qc6 Qxf2+ 25.Kh1 Bh3 26.Be4 Rae8 27.Qc2 Bxg2+ 28.Bxg2 Re1+  0-1

[Event "Ch-AY Boys U18"]
[Site "Tehran IRI"]
[Date "2008.07.19"]
[Round "5"]
[White "Ali,Ak"]
[Black "Marwan,A"]
[Result "1-0"]
[WhiteElo "2025"]
[BlackElo "2078"]

1.e4 c5 2.Nf3 e6 3.d4 cxd4 4.Nxd4 a6 5.Nc3 Qc7 6.Be2 Nf6 7.O-O Be7 8.f4 d6
9.Bf3 O-O 10.Be3 Nc6 11.Kh1 Na5 12.Bg1 Bd7 13.Nde2 Rac8 14.g4 Bc6 15.g5 Nd7
16.a4 b6 17.Bg2 Qb8 18.Rf3 f5 19.Rh3 Rf7 20.Nd4 fxe4 21.Rxh7 Nf8 22.Rh3 g6
23.b4 Nc4 24.Nxc6 Rxc6 25.Bxe4 d5 26.Qd4 Rxf4 27.Qh8+ Kf7 28.Bxg6+ Kxg6 29.Qg8+ Kf5
30.Qf7+ Ke5 31.Qxe7 Nd2 32.Be3 Rcc4 33.Bxd2 Ng6 34.Re1+ Rce4 35.Bxf4+ Nxf4
36.Rxe4+ dxe4 37.Qf6+  1-0

[Event "ZMD Open"]
[Site "Dresden GER"]
[Date "2008.07.20"]
[Round "2"]
[White "Bisse,V"]
[Black "Miezis,N"]
[Result "0-1"]
[WhiteElo "1957"]
[BlackElo "2540"]

1.e4 c5 2.Nf3 e6 3.d4 cxd4 4.Nxd4 a6 5.Nc3 Qc7 6.a3 b5 7.Bd3 Nc6 8.Nxc6 dxc6
9.Ne2 Nf6 10.c3 e5 11.b4 c5 12.O-O Bb7 13.Ng3 h5 14.f3 Rd8 15.Qc2 c4 16.Be2 g6
17.Bg5 h4 18.Nh1 Be7 19.Be3 Nh5 20.Rfd1 Nf4 21.Rxd8+ Bxd8 22.Nf2 Bg5 23.Bc5 Ne6
24.Nh3 Nxc5 25.Nxg5 Nb3 26.Rd1 Qb6+ 27.Kf1 Bc8 28.a4 Ke7 29.a5 Qe3 30.Nh3 Bxh3
31.gxh3 Rh5 32.Kg2 Rg5+ 33.Kh1 Qf2  0-1

[Event "19th Czech Chladek & Tintera A Open"]
[Site "Pardubice CZE"]
[Date "2008.07.20"]
[Round "3"]
[White "Gutenev,A"]
[Black "Zpevak,P"]
[Result "1/2-1/2"]
[WhiteElo "2280"]
[BlackElo "2423"]

1.e4 c5 2.Nf3 e6 3.d4 cxd4 4.Nxd4 a6 5.Nc3 Qc7 6.Be2 Nf6 7.O-O Nc6 8.Be3 Bb4
9.Na4 Bd6 10.g3 Be7 11.Nxc6 bxc6 12.Nb6 Rb8 13.Nxc8 Qxc8 14.Bd4 c5 15.Be5 Rb6
16.b3 O-O 17.Bd3 d6 18.Bb2 Nd7 19.Qe2 Ne5 20.Bxe5 dxe5 21.Rfd1 Rd8 22.Bc4 Rbd6
23.Rxd6 Rxd6 24.Rd1 Rxd1+ 25.Qxd1 a5 26.Bb5 Qd8 27.Qxd8+ Bxd8 28.Kf1 Kf8
29.Ke2 f5 30.f3 Ke7 31.Kd3 Kd6 32.Kc4 Bg5 33.Kd3 h5 34.Be8 h4 35.gxh4 Bxh4
36.Bg6 fxe4+ 37.Bxe4 Be1 38.Kc4 Bd2 39.Kb5 Be1 40.Kb6 Bd2 41.h4 Be1 42.h5 Bd2
43.Kb5 Be1  1/2-1/2

[Event "1st Open"]
[Site "Paleochora GRE"]
[Date "2008.07.22"]
[Round "3"]
[White "Sigalas,F"]
[Black "Siebrecht,S"]
[Result "0-1"]
[WhiteElo "2242"]
[BlackElo "2453"]

1.e4 c5 2.Nf3 e6 3.d4 cxd4 4.Nxd4 a6 5.Nc3 Qc7 6.Bd3 b5 7.O-O Bb7 8.Qe2 Nc6
9.Nxc6 Qxc6 10.a4 b4 11.Nd5 Nf6 12.c4 bxc3 13.Nxc3 Bb4 14.Bd2 Bxc3 15.Bxc3 Nxe4
16.Bxe4 Qxe4 17.Qxe4 Bxe4 18.f3 Bc6 19.Bxg7 Rg8 20.Bc3 Rb8 21.Kf2 Ke7 22.b4 f6
23.Rfb1 e5 24.Rb2 Ke6 25.b5 axb5 26.Rab1 Rbc8 27.axb5 Bxb5 28.Rxb5 Rxc3 29.g4 Rc2+
30.Kg3 h5 31.Rb6+ Rc6 32.h3 Rxb6 33.Rxb6+ d6 34.f4 hxg4 35.hxg4 Rc8 36.f5+ Kd5
37.Rb7 Rc3+ 38.Kh4 Rc8 39.Kh5 e4 40.Kg6 Rg8+ 41.Kxf6 Rxg4 42.Rg7 Rf4 43.Re7 Kd4
44.Kg6 e3 45.f6 d5 46.f7 Kd3 47.Re5 d4 48.Rf5 Rxf5 49.Kxf5 e2 50.f8=Q e1=Q
51.Qh6 Qc3 52.Qh3+ Kd2 53.Qh6+ Kc2 54.Qh2+ Kb1 55.Qg1+ Kb2 56.Ke4 d3 57.Kf3 Qc6+  0-1

[Event "Dutch Open"]
[Site "Dieren NED"]
[Date "2008.07.23"]
[Round "2"]
[White "Mellema,A"]
[Black "Van der Elburg,F"]
[Result "1/2-1/2"]
[WhiteElo "2067"]
[BlackElo "2287"]

1.e4 c5 2.Nf3 e6 3.d4 cxd4 4.Nxd4 a6 5.Nc3 b5 6.a3 Qc7 7.g3 Bb7 8.Bg2 Nf6
9.O-O Nc6 10.Nxc6 dxc6 11.Qe2 c5 12.Bf4 Qb6 13.Rfd1 Be7  1/2-1/2

[Event "III Open"]
[Site "Oviedo ESP"]
[Date "2008.07.23"]
[Round "1"]
[White "Garcia Alvarez,Ja2"]
[Black "Manolache,M"]
[Result "0-1"]
[WhiteElo "1883"]
[BlackElo "2521"]

1.e4 c5 2.Nf3 e6 3.d4 cxd4 4.Nxd4 a6 5.Nc3 Qc7 6.Bd3 Bd6 7.Nf3 Nc6 8.a3 Nf6
9.Qe2 Ne5 10.Bd2 b5 11.Nxe5 Bxe5 12.g3 Bb7 13.f3 d5 14.Rb1 O-O 15.O-O Rad8
16.Rfe1 dxe4 17.Nxe4 Nxe4 18.Be3 Nc5 19.Red1 f5 20.Bf2 Bd4 21.Bxd4 Rxd4 22.c3 Rd5
23.Bc2 Re5 24.Qf2 f4 25.g4 Re3 26.Qh4 h6 27.g5 Bxf3 28.Rd2 Ne4 29.Bxe4 Bxe4
30.gxh6 Qc5 31.Qf2 Qg5+  0-1

[Event "19th Czech Chladek & Tintera A Open"]
[Site "Pardubice CZE"]
[Date "2008.07.23"]
[Round "6"]
[White "Rojicek,V"]
[Black "Velicka,P"]
[Result "1/2-1/2"]
[WhiteElo "2346"]
[BlackElo "2492"]

1.e4 c5 2.Nf3 e6 3.d4 cxd4 4.Nxd4 a6 5.Nc3 b5 6.Bd3 Qb6 7.Nf3 Nc6 8.O-O Qb8
9.e5 Nxe5 10.Nxe5 Qxe5 11.Qf3 Qb8 12.Bf4 d6 13.Rfe1 Nf6 14.Ne4 Nxe4 15.Bxe4 Ra7
16.Rad1 Bb7 17.Bc6+ Bxc6 18.Qxc6+ Rd7 19.Qxa6 Be7 20.Qc6 h5 21.h3 h4 22.Re3 b4
23.Red3 Qb7 24.Qxb7 Rxb7 25.Bxd6 Bxd6 26.Rxd6 Ke7 27.Ra6 Rc8 28.Rd2 Kf6 29.Kf1 Kf5
30.Ke2 e5 31.a3 bxa3 32.b3 Rbc7 33.c4 Rc6 34.Rxa3 Rg6 35.Rc2 Rxg2 36.b4 Rg1
37.Rb3 Rd8 38.Rd2 Rc8 39.Rc2 Rd8 40.Rd2 Rc8 41.c5 Rc1 42.Rf3+ Kg6 43.Rd1 Rc4
44.Rg1+ Kh5 45.Rxf7 Rxb4 46.Rfxg7 Kh6 47.R7g6+ Kh7 48.Rg7+ Kh6 49.R7g6+ Kh7
50.R6g5 Kh6 51.Rxe5 Rc4 52.Rg4 R8xc5 53.Rxc5 Rxc5 54.Rxh4+ Kg5 55.Rd4 Rc3
56.Rd3 Rc8 57.Kf3 Kh4 58.Kg2 Rc4 59.Rd8 Rc3 60.Rd4+ Kg5 61.Rd6 Ra3 62.Rd4 Ra5
63.Kg3 Ra3+ 64.f3 Ra5 65.h4+ Kh5 66.Rd8 Ra4 67.Rg8 Ra1 68.Rg5+ Kh6 69.Rb5 Ra4
70.f4 Ra6 71.Kg4 Kg6 72.h5+ Kh6 73.Re5 Rb6 74.Re4 Rb1 75.Re6+ Kg7 76.h6+ Kh7
77.f5 Rg1+ 78.Kf4 Ra1 79.Kg5 Rg1+ 80.Kf6 Kxh6 81.Kf7+ Kh7 82.f6 Rg7+ 83.Kf8 Rg8+
84.Ke7 Ra8 85.Kf7 Rb8 86.Rd6 Ra8 87.Ke7 Kg6 88.Rd7 Rc8 89.Rd6 Ra8 90.Ke6 Re8+
91.Kd7 Kf7 92.Rc6 Re1 93.Kc7 Rf1 94.Kb7 Rxf6 95.Rxf6+ Kxf6  1/2-1/2

[Event "19th Czech Chladek & Tintera A Open"]
[Site "Pardubice CZE"]
[Date "2008.07.23"]
[Round "6"]
[White "Glantz,R"]
[Black "Jasny,S"]
[Result "0-1"]
[WhiteElo "2198"]
[BlackElo "2359"]

1.e4 c5 2.Nf3 e6 3.Nc3 a6 4.d4 cxd4 5.Nxd4 Qc7 6.Bd3 Nf6 7.O-O Bc5 8.Nb3 Be7
9.f4 d6 10.a4 b6 11.e5 dxe5 12.fxe5 Nfd7 13.Qf3 Nxe5 14.Qxa8 Bb7 15.Qa7 Nbc6
16.Bb5 O-O 17.Nd5 exd5 18.Bxc6 Qxc6 19.a5 d4 20.Rf2 Bh4 21.Re2 d3 22.cxd3 Nf3+
23.Kf1 Qf6 24.Bg5 Nxg5+ 25.Kg1 Nf3+ 26.Kh1 Qf4 27.g3 Ne1+ 28.Kg1 Qf3 29.Raxe1 Bg5  0-1

[Event "41st Festival MTO"]
[Site "Biel SUI"]
[Date "2008.07.24"]
[Round "4"]
[White "Ramesh,R"]
[Black "Kritz,L"]
[Result "1-0"]
[WhiteElo "2478"]
[BlackElo "2610"]

1.e4 c5 2.Nf3 e6 3.d4 cxd4 4.Nxd4 a6 5.Nc3 d6 6.Be3 b5 7.Qd2 Bb7 8.f3 Nd7
9.O-O-O Nb6 10.Qf2 Nc4 11.Bxc4 bxc4 12.g4 Nf6 13.g5 Nd7 14.h4 Rb8 15.Kb1 Ba8
16.Ka1 Qa5 17.Rb1 Be7 18.Qd2 Nc5 19.h5 Kd7 20.Rhd1 Rhd8 21.g6 hxg6 22.hxg6 fxg6
23.Rg1 e5 24.Nde2 Rf8 25.Rxg6 Ne6 26.f4 Bf6 27.f5 Nc5 28.Rd1 Qc7 29.Ng3 Ke7
30.Nd5+ Bxd5 31.Qxd5 Nb7 32.Nh5 Nd8 33.Nxf6 gxf6 34.Rg7+ Rf7 35.Rxf7+ Nxf7
36.Qe6+ Kf8 37.Qxf6 Qe7 38.Qg6 Qb7 39.Bc1 Qxe4 40.Bh6+  1-0

[Event "Politiken Cup"]
[Site "Helsingor DEN"]
[Date "2008.07.24"]
[Round "7"]
[White "Jensen,SorenH"]
[Black "Overeem,M"]
[Result "0-1"]
[WhiteElo "2032"]
[BlackElo "2288"]

1.e4 c5 2.Nf3 e6 3.d4 cxd4 4.Nxd4 a6 5.Nc3 b5 6.Bd3 Qb6 7.Nb3 Qc7 8.O-O Bb7
9.f4 Nf6 10.e5 Nd5 11.Nxd5 Bxd5 12.Qe2 Nc6 13.Bd2 Rc8 14.Rae1 g6 15.Kh1 Be7
16.c3 O-O 17.f5 exf5 18.Bh6 Rfe8 19.Rxf5 Bh4 20.Ref1 Rxe5 21.Qg4 Qd8 22.Nd4 Rxf5
23.Nxf5 Be7 24.Nd4 Ne5 25.Qg3 Nxd3 26.Qxd3 Bc4 27.Qf3 Bxf1 28.Qxf1 Bg5 29.Bxg5 Qxg5
30.h3 b4 31.Qxa6 Re8 32.Qd6 bxc3 33.bxc3 h5 34.Nf3 Qb5 35.Kh2 Re2 36.Nd4 Qe5+
37.Qxe5 Rxe5 38.Kg3 Ra5 39.Kf4 Rxa2 40.g4 h4 41.Kg5 Ra3 42.Ne2 Kg7 43.Kxh4 Kf6
44.Kg3 Ra2 45.Nd4 Rd2 46.g5+ Ke7 47.Kg4 Kd6 48.h4 Kd5 49.h5 Rxd4+ 50.cxd4 gxh5+  0-1

[Event "1st Open"]
[Site "Paleochora GRE"]
[Date "2008.07.24"]
[Round "5"]
[White "Holzke,F"]
[Black "Sandalakis,A"]
[Result "1-0"]
[WhiteElo "2516"]
[BlackElo "2341"]

1.e4 c5 2.Nf3 e6 3.d4 cxd4 4.Nxd4 a6 5.Nc3 Qc7 6.Bd3 g6 7.O-O Bg7 8.Nde2 d6
9.f4 Nf6 10.Kh1 O-O 11.Be3 Nbd7 12.Qd2 b6 13.Rad1 Bb7 14.f5 Ng4 15.Bg1 Nc5
16.Nf4 Rae8 17.fxe6 fxe6 18.Be2 Nf6 19.Qxd6 Qxd6 20.Rxd6 Nfxe4 21.Nxe4 Nxe4
22.Rxb6 Nd2 23.Rd1 Rxf4 24.Rxb7 Ne4 25.Bxa6 Rh4 26.Rd3 Be5 27.Rh3 Rxh3 28.gxh3 Rd8
29.Bd3 Nd6 30.Rb4 Bf6 31.a4 e5 32.a5 e4 33.Bxe4 Nxe4 34.Rxe4 Bxb2 35.a6 Kf7
36.a7 Kf6 37.Ra4  1-0

[Event "19th Czech Chladek & Tintera A Open"]
[Site "Pardubice CZE"]
[Date "2008.07.24"]
[Round "7"]
[White "Polzin,R"]
[Black "Rojicek,V"]
[Result "0-1"]
[WhiteElo "2520"]
[BlackElo "2346"]

1.e4 c5 2.Nf3 e6 3.d4 cxd4 4.Nxd4 a6 5.Nc3 Qc7 6.Be2 b5 7.O-O Bb7 8.Re1 Nc6
9.Nxc6 dxc6 10.e5 Rd8 11.Bd3 c5 12.Bg5 Be7 13.Qh5 Bxg5 14.Qxg5 Ne7 15.a4 h6
16.Qh5 b4 17.Ne4 Rd5 18.Qg4 Nf5 19.Nd6+ Nxd6 20.Qxg7 Rf8 21.exd6 Qxd6 22.Be4 Rg5
23.Qxh6 Qf4 24.Qxg5 Qxg5 25.Bxb7 a5 26.Rad1 Ke7 27.Rd5 Qg7 28.Rxc5 Qxb2 29.Be4 Rd8
30.g3 Rd2 31.Rc7+ Kf8 32.Rf1 Qe5 33.Rc8+ Kg7 34.Bg2 Qe2 35.Rc5 Rxc2 36.Rxa5 b3
37.Rg5+ Kf6 38.Rb5 b2 39.Rb4 Rc1 40.h4 Rxf1+ 41.Bxf1 Qc2 42.Bd3 Qc3 43.Rb5 Qxd3
44.Rxb2 Qd1+ 45.Kg2 Qxa4 46.Re2 Qd1 47.Re3 e5 48.Rf3+ Kg6 49.g4 f6 50.Kg3 Qg1+
51.Kh3 Qh1+ 52.Kg3 Qd1 53.Rf5 Qg1+ 54.Kh3 e4 55.h5+ Kg7 56.h6+ Kxh6 57.Rxf6+ Kg5
58.Rf5+ Kg6 59.Rf8 Qf1+ 60.Kg3 e3  0-1

[Event "19th Czech Chladek & Tintera A Open"]
[Site "Pardubice CZE"]
[Date "2008.07.24"]
[Round "7"]
[White "Beck,F"]
[Black "Dziuba,M"]
[Result "0-1"]
[WhiteElo "2335"]
[BlackElo "2570"]

1.e4 c5 2.Nf3 e6 3.d4 cxd4 4.Nxd4 a6 5.Nc3 b5 6.Bd3 Qb6 7.Nb3 Qc7 8.O-O Bb7
9.Qe2 d6 10.f4 Nd7 11.a4 b4 12.Na2 Ngf6 13.Kh1 Nc5 14.Nxc5 dxc5 15.e5 Nd7
16.Bd2 Be7 17.Rae1 g6 18.b3 a5 19.Nc1 Nb6 20.c4 O-O-O 21.Rd1 Qc6 22.Bc2 h5
23.Be3 h4 24.h3 Rdg8 25.Qg4 Nd7 26.Nd3 f5 27.Qe2 Rg7 28.Rf2 Rhg8 29.Rg1 Qc7
30.Bc1 Nf8 31.Ne1 g5 32.fxg5 Bxg5 33.Bxg5 Rxg5 34.Nf3 Rg3 35.Bd1 Qg7 36.Kh2 Nd7  0-1